000 00300nam a2200145Ia 4500
100 _aKainthla/Anita
650 _aBiography
942 _cBK
366 _f20
654 _ababa amte
245 _aBaba Amte:A Biography
260 _bViva Books
_aMumbai
_c2005
300 _a191
546 _aENGLISH
999 _c22762
_d22762